[Event "Irish International Open 2019"]
[Site "Dublin"]
[Date "2019.04.19"]
[Round "4.9"]
[White "Buonanno, Raffaele"]
[Black "Li, Henry"]
[Result "0-1"]
[WhiteElo "2091"]
[BlackElo "2308"]
[Annotator "TA"]
[PlyCount "64"]
[EventDate "2019.02.28"]
[EventType "swiss"]
[EventCountry "IRL"]
[SourceTitle "playchess.com"]
[Source "ChessBase"]
[SourceQuality "1"]

{[%evp 17,126,22,38,29,41,25,19,20,27,10,89,65,81,72,97,108,116,124,120,43,50,7,114,114,121,127,112,78,173,127,117,55,80,51,114,89,186,160,191,71,110,105,96,100,82,69,101,108,125,129,141,0,0,0,0,0,0,0,0,0,0,-77,-69,-54,-63,-59,-52,-53,-61,-81,-86,-97,-96,-147,-147,-144,-70,-151,-81,-93,-27,-39,-13,-13,-19,-20,-18,-16,0,-60,-61,-69,-37,-37,-30,-85,-79,-86,-86,-97,-139,-114,-41,-59,-106,-29980,-29980,-29982,-29983,-29981,-29980]} 1. d4 Nf6 2. c4 g6 3. f3 Bg7 4. e4 d6 5. Ne2 O-O 6. Nbc3 c5 7. d5 e6 8. Ng3 exd5 9. cxd5 h5 10. Bg5 {A65: Modern Benoni: 6 e4} a6 11. a4 Qc7 12. Qd2 {The position is equal.} Nh7 13. Bh6 {[#]} Qe7 $146 (13... h4 $1 $11) ({Predecessor:} 13... h4 14. Bxg7 Kxg7 15. Bc4 hxg3 16. hxg3 {1-0 (26) Aronian,L (2802)-Vachier Lagrave,M (2804) Tbilisi 2017}) 14. Bxg7 Kxg7 15. Be2 $36 {[%mdl 2048] Black is under strong pressure.} h4 16. Nf1 f5 17. exf5 $1 Bxf5 18. Ne3 (18. O-O-O $1 $16) 18... Nd7 $14 19. g4 hxg3 (19... Bd3 $1 $11 {keeps the balance.} 20. Bxd3 (20. Qxd3 Ne5 $11) 20... Rxf3) 20. hxg3 $16 Rae8 21. Nxf5+ gxf5 22. Qh6+ Kh8 (22... Kg8 $16 {was worth a try.}) 23. Kf2 Rf6 24. Qh5 (24. Qf4 $16) 24... Rf7 25. Rae1 Qf6 (25... Qe3+ $1 $14 26. Kf1 (26. Kg2 Ree7 $14) 26... Ree7) 26. Kg2 Rg8 (26... Kg8 $16 {was necessary.}) 27. f4 $18 Ndf8 28. Qh6 (28. Bd3 $1 $18) 28... Rg6 29. Qh4 $1 {Black must now prevent Bh5.} Qd4 30. Bh5 Rh6 31. Qd8 $1 ({Don't play} 31. Bxf7 $6 Rxh4 32. Rxh4 b5 $14) 31... Rg7 32. Re8 $1 {[%cal Re8f8]} Rf6 {Played: Rg7-g8} 0-1

[Event "Irish International Open 2019"]
[Site "Dublin"]
[Date "2019.04.19"]
[Round "4.10"]
[White "McMorrow, John"]
[Black "Fitzsimons, David"]
[Result "1-0"]
[WhiteElo "2058"]
[BlackElo "2299"]
[Annotator "NA"]
[PlyCount "113"]
[EventDate "2019.02.28"]
[EventType "swiss"]
[EventCountry "IRL"]
[SourceTitle "playchess.com"]
[Source "ChessBase"]
[SourceQuality "1"]
[TimeControl "5400+30"]

1. e4 {[%emt 0:00:08]} d6 {[%emt 0:00:00]} 2. d4 {[%emt 0:00:07]} Nf6 {[%emt 0:00:00]} 3. Nc3 {[%emt 0:00:08]} g6 {[%emt 0:00:00]} 4. f4 {[%emt 0:00:15]} Bg7 {[%emt 0:00:05]} 5. Nf3 {[%emt 0:00:17]} O-O {[%emt 0:00:14]} 6. Bd3 {[%emt 0:00:42]} Nc6 {[%emt 0:00:38]} 7. e5 {[%emt 0:01:33]} dxe5 {[%emt 0:00:20]} 8. fxe5 {[%emt 0:00:05]} Nh5 {[%emt 0:00:06]} 9. Be3 {[%emt 0:00:19]} Bg4 {[%emt 0:00:14]} 10. Be2 {[%emt 0:00:16]} f6 {[%emt 0:00:11]} 11. exf6 {[%emt 0:00:23]} exf6 {[%emt 0:00:22]} 12. d5 {[%emt 0:00:27]} Ne7 {[%emt 0:01:55]} 13. Qd2 {[%emt 0:03:58]} Nf5 {[%emt 0:01:42]} 14. Nd4 {[%emt 0:20:42]} Nxe3 {[%emt 0:07:48]} 15. Qxe3 {[%emt 0:00:36]} Re8 {[%emt 0:00:06]} 16. Ne6 {[%emt 0:02:16]} Bxe2 {[%emt 0:01:18]} 17. Kxe2 {[%emt 0:00:46]} Qd6 {[%emt 0:00:34]} 18. Kf3 {[%emt 0:20:11]} c6 {[%emt 0:03:22]} 19. g4 {[%emt 0:21:43]} cxd5 {[%emt 0:00:42]} 20. Nb5 {[%emt 0:07:26]} Qd7 {[%emt 0:13:27]} 21. Nbc7 {[%emt 0:03:45]} Rac8 {[%emt 0:00:33]} 22. Nxe8 {[%emt 0:01:36]} Rxe8 {[%emt 0:00:05]} 23. Rhe1 {[%emt 0:03:26]} Nf4 {[%emt 0:01:23]} 24. Qxf4 {[%emt 0:02:22]} Rxe6 {[%emt 0:00:06]} 25. Rxe6 {[%emt 0:01:29]} Qxe6 {[%emt 0:00:05]} 26. Rd1 {[%emt 0:01:19]} h5 {[%emt 0:00:33]} 27. h3 {[%emt 0:01:04]} Kh7 {[%emt 0:00:29]} 28. Qe3 {[%emt 0:02:36]} hxg4+ {[%emt 0:03:01]} 29. hxg4 {[%emt 0:00:01]} Qc6 {[%emt 0:00:19]} 30. Rh1+ {[%emt 0:03:21]} Kg8 {[%emt 0:00:03]} 31. Qe7 {[%emt 0:00:34]} f5 {[%emt 0:02:34]} 32. gxf5 {[%emt 0:01:00]} gxf5 {[%emt 0:00:07]} 33. Rg1 {[%emt 0:00:54]} Qh6 {[%emt 0:02:00]} 34. Qd8+ {[%emt 0:00:40]} Kh7 {[%emt 0:00:15]} 35. Qxd5 {[%emt 0:00:17]} Qh3+ {[%emt 0:00:16]} 36. Kf2 {[%emt 0:00:11]} Qh4+ {[%emt 0:00:15]} 37. Ke2 {[%emt 0:00:51]} Qh5+ {[%emt 0:00:17]} 38. Qf3 {[%emt 0:00:40]} Qh2+ {[%emt 0:00:24]} 39. Rg2 {[%emt 0:00:06]} Qe5+ {[%emt 0:00:04]} 40. Kd1 {[%emt 0:00:37]} b6 {[%emt 0:01:47]} 41. c3 {[%emt 0:00:33]} a5 {[%emt 0:01:45]} 42. Rf2 {[%emt 0:00:23]} Kg6 {[%emt 0:00:31]} 43. Qc6+ {[%emt 0:00:31]} Kh5 {[%emt 0:01:12]} 44. Qh1+ {[%emt 0:00:45]} Kg6 {[%emt 0:00:16]} 45. Qg2+ {[%emt 0:00:16]} Kf6 {[%emt 0:00:44]} 46. Qc6+ {[%emt 0:00:19]} Kf7 {[%emt 0:00:42]} 47. Qd7+ {[%emt 0:00:16]} Kg6 {[%emt 0:00:13]} 48. Re2 {[%emt 0:00:39]} Qg3 {[%emt 0:01:43]} 49. Qe8+ {[%emt 0:00:29]} Kg5 {[%emt 0:00:30]} 50. Qd8+ {[%emt 0:01:01]} Kh5 {[%emt 0:01:21]} 51. Qe8+ {[%emt 0:00:38]} Kg5 {[%emt 0:00:01]} 52. Qd8+ {[%emt 0:00:03]} Kh5 {[%emt 0:00:01]} 53. Qd2 {[%emt 0:00:28]} Be5 {[%emt 0:01:21]} 54. Qd5 {[%emt 0:00:40]} Qg1+ {[%emt 0:01:57]} 55. Kc2 {[%emt 0:00:16]} Bf4 {[%emt 0:00:17]} 56. Qxf5+ {[%emt 0:00:13]} Kh4 {[%emt 0:00:37]} 57. Qxf4+ {[%emt 0:00:23]} 1-0

[Event "Irish International Open 2019"]
[Site "Dublin"]
[Date "2019.04.19"]
[Round "4.11"]
[White "Brady, Stephen"]
[Black "Doyle, Hugh"]
[Result "1/2-1/2"]
[WhiteElo "2301"]
[BlackElo "2042"]
[Annotator "TA"]
[PlyCount "121"]
[EventDate "2019.02.28"]
[EventType "swiss"]
[EventCountry "IRL"]
[SourceTitle "playchess.com"]
[Source "ChessBase"]
[SourceQuality "1"]

{[%evp 9,121,16,10,0,16,4,27,0,16,0,54,0,0,0,17,-8,-6,-16,-12,-17,-11,-71,-73,-128,-114,-88,-35,-50,-39,-97,-84,-95,-36,-41,-12,-26,-13,-8,-13,-13,-10,-11,-6,-13,-5,-5,-5,-5,-5,-7,-6,-11,-4,-4,-4,-4,-4,-4,-4,-5,0,0,0,0,0,0,3,0,0,0,0,0,0,0,0,0,0,0,0,0,0,0,0,0,0,0,0,0,0,0,0,0,0,0,8,8,8,8,8,0,13,0,0,0,0,0,8,0,0,0,650,0,12,0]} 1. b3 e5 2. Bb2 d6 3. e3 Nd7 4. d4 c6 (4... g6 5. Nf3 Bg7 6. dxe5 dxe5 7. h4 h5 8. Nc3 Ne7 9. Qd2 O-O 10. O-O-O a5 11. a4 c6 12. Ng5 {1-0 (48) Carlsen,M (2832)-Guseinov,G (2645) chess.com INT 2017}) 5. dxe5 dxe5 6. Nf3 $146 {A01: Nimzowitsch-Larsen Opening} ({Predecessor:} 6. Ne2 Be7 7. Ng3 Nh6 8. Be2 O-O 9. O-O Qc7 10. c4 f5 11. Re1 {0-1 (32) Hansen,H-Bern,I (2335) Gausdal 1990}) 6... Qc7 7. Nbd2 Nh6 8. Bd3 {White has an edge.} Be7 9. a4 a5 (9... f6 $11) 10. O-O (10. g4 $1 $14) 10... O-O $11 11. Qe2 Kh8 12. e4 f6 13. Nc4 Nc5 14. Rfd1 Bg4 15. Ne3 (15. h3 $11 {remains equal.} Be6 16. Ba3) 15... Bh5 $17 16. Nf5 (16. Qf1 $142) 16... Nxf5 17. exf5 {[#]} Nxd3 (17... e4 $1 $17 {[%mdl 512]} 18. Bxe4 Bd6) 18. Rxd3 $15 Rfd8 19. Rad1 (19. Rxd8+ $15 Rxd8 20. h3) 19... Rxd3 $17 20. Rxd3 {[#]} Rd8 ({Black should try} 20... b5 $1 $17 21. Qe1 Rd8) 21. h3 Rxd3 (21... Re8 {with more complications.} 22. Qe4 Bc5 23. Nh2 b5 24. Qh4 Bf7) 22. Qxd3 Qd8 23. Qxd8+ Bxd8 $11 {[%mdl 4096] Endgame KBB-KBN} 24. g4 Be8 25. Nd2 b5 26. Ne4 {Threatens to win with Nd6.} Be7 27. Bc3 bxa4 28. bxa4 c5 29. Bxa5 Bxa4 30. c4 Bc2 31. f3 Bd3 32. Nd2 g6 33. fxg6 hxg6 34. Kf2 Kh7 35. Ke3 Bc2 36. Bc7 Kh6 37. h4 f5 38. g5+ Kh5 {aiming for ...f4+.} 39. Bxe5 Kxh4 40. f4 Kg4 41. Bc7 Bd1 42. Nb1 Bf8 43. Be5 Be7 44. Nc3 Bb3 45. Nd5 Bf8 46. Kd3 Kf3 47. Nc7 Be7 48. Nd5 Bf8 $1 49. Nb6 Be7 50. Bc7 Bd1 51. Nd7 Be2+ 52. Kc3 Ke4 53. Ne5 Bh5 54. Nd7 Be2 55. Nf6+ Kf3 56. Nd5 Bf8 57. Nb6 {Nd7 is the strong threat.} Be7 58. Kb3 Bd1+ 59. Kb2 Ke4 $2 {[%mdl 8192]} (59... Kf2 $11) 60. Kc3 $2 (60. Nd5 $18) 60... Be2 61. Nd7 {Accuracy: White = 50%, Black = 45%.} 1/2-1/2

[Event "Irish International Open 2019"]
[Site "Dublin"]
[Date "2019.04.19"]
[Round "4.12"]
[White "Daly, Colm"]
[Black "Schmitz, Andreas Arnold"]
[Result "0-1"]
[WhiteElo "2278"]
[BlackElo "2003"]
[Annotator "NA"]
[PlyCount "140"]
[EventDate "2019.02.28"]
[EventType "swiss"]
[EventCountry "IRL"]
[SourceTitle "playchess.com"]
[Source "ChessBase"]
[SourceQuality "1"]
[TimeControl "5400+30"]

1. e4 {[%emt 0:00:00]} e6 {[%emt 0:00:00]} 2. d4 {[%emt 0:00:50]} d5 {[%emt 0:00:01]} 3. Nc3 {[%emt 0:00:05]} Bb4 {[%emt 0:00:18]} 4. e5 {[%emt 0:00:04]} c5 {[%emt 0:00:11]} 5. a3 {[%emt 0:00:05]} Bxc3+ {[%emt 0:00:08]} 6. bxc3 {[%emt 0:00:04]} Qc7 {[%emt 0:00:18]} 7. Nf3 {[%emt 0:00:51]} Bd7 {[%emt 0:00:16]} 8. a4 {[%emt 0:00:11]} Qa5 {[%emt 0:01:55]} 9. Bd2 {[%emt 0:00:14]} c4 {[%emt 0:00:13]} 10. h4 {[%emt 0:06:13]} h5 {[%emt 0:07:11]} 11. Qb1 {[%emt 0:11:12]} Na6 {[%emt 0:02:05]} 12. Be2 {[%emt 0:06:53]} O-O-O {[%emt 0:14:07]} 13. Qa2 {[%emt 0:00:37]} Nh6 {[%emt 0:07:15]} 14. O-O {[%emt 0:00:36]} Nf5 {[%emt 0:01:30]} 15. Rfe1 {[%emt 0:01:09]} Bc6 {[%emt 0:02:48]} 16. Bf1 {[%emt 0:00:16]} Rd7 {[%emt 0:06:56]} 17. g3 {[%emt 0:03:48]} Kb8 {[%emt 0:02:49]} 18. Bh3 {[%emt 0:00:11]} g6 {[%emt 0:01:00]} 19. Qa3 {[%emt 0:01:02]} Ne7 {[%emt 0:02:24]} 20. Bg5 {[%emt 0:00:32]} Nc8 {[%emt 0:00:14]} 21. Bf6 {[%emt 0:05:09]} Re8 {[%emt 0:01:17]} 22. Ng5 {[%emt 0:16:15]} Nb6 {[%emt 0:00:42]} 23. Re3 {[%emt 0:00:17]} Nc7 {[%emt 0:07:19]} 24. Bg7 {[%emt 0:01:20]} Rg8 {[%emt 0:02:32]} 25. Rf3 {[%emt 0:03:01]} Qxa4 {[%emt 0:02:52]} 26. Qc1 {[%emt 0:06:32]} Qb5 {[%emt 0:03:24]} 27. Bh6 {[%emt 0:00:08]} Na4 {[%emt 0:01:45]} 28. Nxf7 {[%emt 0:02:58]} Qb2 {[%emt 0:05:55]} 29. Qxb2 {[%emt 0:00:22]} Nxb2 {[%emt 0:00:05]} 30. Ng5 {[%emt 0:00:24]} Rh8 {[%emt 0:01:49]} 31. Bf8 {[%emt 0:01:05]} a6 {[%emt 0:02:27]} 32. Bd6 {[%emt 0:03:45]} Rxd6 {[%emt 0:00:20]} 33. exd6 {[%emt 0:00:07]} Nb5 {[%emt 0:00:10]} 34. Nf7 {[%emt 0:02:59]} Rf8 {[%emt 0:00:29]} 35. Kg2 {[%emt 0:00:30]} Nxc3 {[%emt 0:01:36]} 36. Rxc3 {[%emt 0:00:15]} Rxf7 {[%emt 0:00:20]} 37. Bxe6 {[%emt 0:00:10]} Rf6 {[%emt 0:01:30]} 38. Re1 {[%emt 0:00:25]} b5 {[%emt 0:01:06]} 39. Rf3 {[%emt 0:00:09]} Rxf3 {[%emt 0:00:36]} 40. Kxf3 {[%emt 0:00:06]} Na4 {[%emt 0:00:38]} 41. Bh3 {[%emt 0:00:19]} b4 {[%emt 0:00:52]} 42. Kf4 {[%emt 0:01:23]} Nc3 {[%emt 0:01:07]} 43. d7 {[%emt 0:09:37]} Kc7 {[%emt 0:03:50]} 44. Re8 {[%emt 0:01:02]} Bxd7 {[%emt 0:00:37]} 45. Re7 {[%emt 0:00:15]} b3 {[%emt 0:00:48]} 46. cxb3 {[%emt 0:00:16]} cxb3 {[%emt 0:00:18]} 47. Bxd7 {[%emt 0:06:16]} Kd6 {[%emt 0:01:44]} 48. Re1 {[%emt 0:11:42]} Kxd7 {[%emt 0:02:00]} 49. Kg5 {[%emt 0:00:08]} b2 {[%emt 0:01:55]} 50. Kxg6 {[%emt 0:00:08]} b1=Q+ {[%emt 0:01:35]} 51. Rxb1 {[%emt 0:00:03]} Nxb1 {[%emt 0:00:07]} 52. g4 {[%emt 0:00:09]} a5 {[%emt 0:01:59]} 53. gxh5 {[%emt 0:00:14]} a4 {[%emt 0:01:06]} 54. h6 {[%emt 0:00:05]} a3 {[%emt 0:00:03]} 55. h7 {[%emt 0:00:05]} a2 {[%emt 0:00:05]} 56. h8=Q {[%emt 0:00:06]} a1=Q {[%emt 0:00:15]} 57. Qg7+ {[%emt 0:00:39]} Kc6 {[%emt 0:00:43]} 58. h5 {[%emt 0:00:54]} Nc3 {[%emt 0:00:12]} 59. Qf6+ {[%emt 0:01:24]} Kb5 {[%emt 0:00:16]} 60. h6 {[%emt 0:00:22]} Ne4 {[%emt 0:00:15]} 61. Qe5 {[%emt 0:01:47]} Qg1+ {[%emt 0:00:22]} 62. Kf7 {[%emt 0:01:15]} Kc4 {[%emt 0:02:44]} 63. f4 {[%emt 0:00:25]} Qh2 {[%emt 0:01:03]} 64. Kg6 {[%emt 0:00:42]} Qg3+ {[%emt 0:00:21]} 65. Kh7 {[%emt 0:00:54]} Qh4 {[%emt 0:01:59]} 66. f5 {[%emt 0:00:51]} Qg5 {[%emt 0:01:26]} 67. Qc7+ {[%emt 0:00:44]} Kd3 {[%emt 0:00:26]} 68. Qg7 {[%emt 0:00:48]} Qxf5+ {[%emt 0:01:08]} 69. Qg6 {[%emt 0:00:25]} Ng5+ {[%emt 0:02:14]} 70. Kg7 {[%emt 0:00:07]} Ne6+ {[%emt 0:00:22]} 0-1

[Event "Irish International Open 2019"]
[Site "Dublin"]
[Date "2019.04.19"]
[Round "4.13"]
[White "Schmitz, Manuela"]
[Black "Pulkkinen, Kari"]
[Result "0-1"]
[WhiteElo "1968"]
[BlackElo "2265"]
[Annotator "NA"]
[PlyCount "88"]
[EventDate "2019.02.28"]
[EventType "swiss"]
[EventCountry "IRL"]
[SourceTitle "playchess.com"]
[Source "ChessBase"]
[SourceQuality "1"]
[TimeControl "5400+30"]

1. d4 {[%emt 0:00:00]} Nf6 {[%emt 0:00:00]} 2. Nf3 {[%emt 0:00:00]} g6 {[%emt 0:00:00]} 3. c4 {[%emt 0:00:25]} c5 {[%emt 0:00:09]} 4. e3 {[%emt 0:00:17]} Bg7 {[%emt 0:00:15]} 5. Be2 {[%emt 0:00:52]} O-O {[%emt 0:00:15]} 6. O-O {[%emt 0:00:14]} cxd4 {[%emt 0:00:29]} 7. exd4 {[%emt 0:01:53]} d5 {[%emt 0:00:13]} 8. Nc3 {[%emt 0:01:05]} Nc6 {[%emt 0:01:56]} 9. h3 {[%emt 0:00:36]} Bf5 {[%emt 0:02:18]} 10. Be3 {[%emt 0:01:41]} dxc4 {[%emt 0:03:06]} 11. Bxc4 {[%emt 0:00:49]} Rc8 {[%emt 0:00:38]} 12. Rc1 {[%emt 0:01:48]} Nb4 {[%emt 0:02:29]} 13. Be2 {[%emt 0:08:31]} Nbd5 {[%emt 0:04:47]} 14. Nxd5 {[%emt 0:01:22]} Nxd5 {[%emt 0:02:12]} 15. Qb3 {[%emt 0:02:48]} Nxe3 {[%emt 0:05:29]} 16. fxe3 {[%emt 0:00:15]} Bh6 {[%emt 0:03:25]} 17. a3 {[%emt 0:07:03]} Qb6 {[%emt 0:02:03]} 18. Qxb6 {[%emt 0:01:06]} Bxe3+ {[%emt 0:00:10]} 19. Kh1 {[%emt 0:00:05]} axb6 {[%emt 0:00:07]} 20. Rc4 {[%emt 0:04:26]} Rxc4 {[%emt 0:04:04]} 21. Bxc4 {[%emt 0:00:06]} Rc8 {[%emt 0:01:42]} 22. b3 {[%emt 0:00:16]} b5 {[%emt 0:05:06]} 23. Bxb5 {[%emt 0:00:47]} Be6 {[%emt 0:00:10]} 24. Re1 {[%emt 0:01:59]} Bf4 {[%emt 0:03:07]} 25. Ba4 {[%emt 0:03:32]} Rc3 {[%emt 0:01:46]} 26. Ne5 {[%emt 0:01:03]} Bxb3 {[%emt 0:01:16]} 27. Bxb3 {[%emt 0:00:19]} Rxb3 {[%emt 0:00:09]} 28. Rf1 {[%emt 0:00:38]} Bxe5 {[%emt 0:00:29]} 29. dxe5 {[%emt 0:00:06]} Rxa3 {[%emt 0:00:10]} 30. Rb1 {[%emt 0:00:06]} Re3 {[%emt 0:00:33]} 31. Rb5 {[%emt 0:00:15]} e6 {[%emt 0:01:58]} 32. Kg1 {[%emt 0:00:08]} Rd3 {[%emt 0:00:32]} 33. Kf2 {[%emt 0:00:51]} Rd5 {[%emt 0:02:23]} 34. Rxb7 {[%emt 0:00:45]} Rxe5 {[%emt 0:00:07]} 35. Ra7 {[%emt 0:00:19]} h5 {[%emt 0:00:44]} 36. Kf3 {[%emt 0:00:26]} Kg7 {[%emt 0:00:16]} 37. Rb7 {[%emt 0:00:18]} Kf6 {[%emt 0:00:54]} 38. Rb4 {[%emt 0:00:29]} Rc5 {[%emt 0:01:01]} 39. h4 {[%emt 0:01:25]} Rc3+ {[%emt 0:01:30]} 40. Kf2 {[%emt 0:00:10]} Kf5 {[%emt 0:00:33]} 41. g3 {[%emt 0:01:02]} e5 {[%emt 0:00:23]} 42. Rb5 {[%emt 0:01:15]} f6 {[%emt 0:00:24]} 43. Ra5 {[%emt 0:00:57]} Rd3 {[%emt 0:01:45]} 44. Rb5 {[%emt 0:02:06]} Kg4 {[%emt 0:01:18]} 0-1

[Event "Irish International Open 2019"]
[Site "Dublin"]
[Date "2019.04.19"]
[Round "4.14"]
[White "Thorarinsson, Pall A."]
[Black "Carroll, Peter"]
[Result "1-0"]
[WhiteElo "2246"]
[BlackElo "2006"]
[Annotator "NA"]
[PlyCount "57"]
[EventDate "2019.02.28"]
[EventType "swiss"]
[EventCountry "IRL"]
[SourceTitle "playchess.com"]
[Source "ChessBase"]
[SourceQuality "1"]
[TimeControl "5400+30"]

1. d4 {[%emt 0:19:46]} Nf6 {[%emt 0:00:10]} 2. Nf3 {[%emt 0:01:35]} g6 {[%emt 0:00:09]} 3. Bg5 {[%emt 0:00:17]} Bg7 {[%emt 0:00:09]} 4. Nbd2 {[%emt 0:00:41]} d5 {[%emt 0:00:11]} 5. e3 {[%emt 0:00:30]} O-O {[%emt 0:00:07]} 6. Bd3 {[%emt 0:01:03]} Nbd7 {[%emt 0:00:57]} 7. c3 {[%emt 0:03:37]} c5 {[%emt 0:01:21]} 8. O-O {[%emt 0:01:44]} b6 {[%emt 0:00:22]} 9. a4 {[%emt 0:01:55]} Bb7 {[%emt 0:00:29]} 10. a5 {[%emt 0:00:14]} Ne4 {[%emt 0:00:48]} 11. Bh4 {[%emt 0:01:56]} f6 {[%emt 0:07:20]} 12. a6 {[%emt 0:01:48]} Bc6 {[%emt 0:00:32]} 13. Nxe4 {[%emt 0:01:35]} dxe4 {[%emt 0:00:49]} 14. Bc4+ {[%emt 0:00:01]} Kh8 {[%emt 0:00:01]} 15. Nd2 {[%emt 0:00:10]} b5 {[%emt 0:07:11]} 16. d5 {[%emt 0:00:56]} Ne5 {[%emt 0:00:52]} 17. dxc6 {[%emt 0:00:13]} Nxc4 {[%emt 0:00:02]} 18. Nxc4 {[%emt 0:00:23]} bxc4 {[%emt 0:00:34]} 19. Qa4 {[%emt 0:01:17]} Qb6 {[%emt 0:02:17]} 20. Qxc4 {[%emt 0:01:02]} Qxc6 {[%emt 0:00:01]} 21. b4 {[%emt 0:00:55]} g5 {[%emt 0:01:23]} 22. Bg3 {[%emt 0:05:59]} f5 {[%emt 0:00:11]} 23. Ra5 {[%emt 0:02:14]} Qf6 {[%emt 0:09:01]} 24. Bc7 {[%emt 0:10:43]} Qxc3 {[%emt 0:15:14]} 25. Rxc5 {[%emt 0:00:13]} Qxc4 {[%emt 0:00:28]} 26. Rxc4 {[%emt 0:00:05]} Rf6 {[%emt 0:00:27]} 27. b5 {[%emt 0:00:55]} Re6 {[%emt 0:00:34]} 28. Rc5 {[%emt 0:09:28]} Rf8 {[%emt 0:00:41]} 29. Rd1 {[%emt 0:01:27]} 1-0

[Event "Irish International Open 2019"]
[Site "Dublin"]
[Date "2019.04.19"]
[Round "4.15"]
[White "Duffy, Seamus"]
[Black "Mihalik, Agoston"]
[Result "0-1"]
[WhiteElo "1921"]
[BlackElo "2203"]
[Annotator "NA"]
[PlyCount "104"]
[EventDate "2019.02.28"]
[EventType "swiss"]
[EventCountry "IRL"]
[SourceTitle "playchess.com"]
[Source "ChessBase"]
[SourceQuality "1"]
[TimeControl "5400+30"]

1. b3 {[%emt 0:00:00]} d5 {[%emt 0:00:00]} 2. Bb2 {[%emt 0:00:00]} c5 {[%emt 0:00:00]} 3. e3 {[%emt 0:00:00]} a6 {[%emt 0:00:00]} 4. f4 {[%emt 0:00:12]} Nf6 {[%emt 0:00:16]} 5. Nf3 {[%emt 0:00:06]} g6 {[%emt 0:01:34]} 6. Be2 {[%emt 0:00:40]} Bg7 {[%emt 0:00:07]} 7. O-O {[%emt 0:00:12]} Nc6 {[%emt 0:02:37]} 8. Ne5 {[%emt 0:02:06]} Bd7 {[%emt 0:00:41]} 9. d3 {[%emt 0:02:16]} O-O {[%emt 0:00:49]} 10. Nd2 {[%emt 0:02:12]} d4 {[%emt 0:07:23]} 11. Nxc6 {[%emt 0:03:33]} Bxc6 {[%emt 0:00:23]} 12. e4 {[%emt 0:00:07]} b5 {[%emt 0:09:55]} 13. Bf3 {[%emt 0:01:28]} Qc7 {[%emt 0:05:10]} 14. g3 {[%emt 0:03:07]} Rfd8 {[%emt 0:01:25]} 15. Qe2 {[%emt 0:01:54]} Nd7 {[%emt 0:03:29]} 16. Bg2 {[%emt 0:02:36]} Nb6 {[%emt 0:05:13]} 17. Rae1 {[%emt 0:05:29]} c4 {[%emt 0:05:15]} 18. Nf3 {[%emt 0:00:16]} e6 {[%emt 0:08:45]} 19. Bc1 {[%emt 0:02:08]} a5 {[%emt 0:00:43]} 20. f5 {[%emt 0:06:35]} e5 {[%emt 0:09:08]} 21. fxg6 {[%emt 0:00:53]} hxg6 {[%emt 0:00:34]} 22. Ng5 {[%emt 0:01:11]} Be8 {[%emt 0:00:34]} 23. Qg4 {[%emt 0:01:18]} Nd7 {[%emt 0:11:15]} 24. Qh4 {[%emt 0:02:00]} Nf8 {[%emt 0:00:19]} 25. Bh3 {[%emt 0:04:23]} Ra6 {[%emt 0:00:49]} 26. bxc4 {[%emt 0:04:52]} f6 {[%emt 0:01:07]} 27. cxb5 {[%emt 0:01:55]} Bxb5 {[%emt 0:00:20]} 28. Nf3 {[%emt 0:03:49]} Re8 {[%emt 0:08:58]} 29. Rf2 {[%emt 0:03:09]} Rc6 {[%emt 0:00:11]} 30. Bh6 {[%emt 0:04:15]} Rxc2 {[%emt 0:00:22]} 31. Bxg7 {[%emt 0:02:27]} Kxg7 {[%emt 0:01:00]} 32. Nd2 {[%emt 0:07:31]} Nh7 {[%emt 0:00:37]} 33. Bf1 {[%emt 0:06:18]} Rxa2 {[%emt 0:00:36]} 34. Rb1 {[%emt 0:05:13]} Bd7 {[%emt 0:00:54]} 35. g4 {[%emt 0:05:38]} Rb8 {[%emt 0:01:05]} 36. Rxb8 {[%emt 0:01:45]} Qxb8 {[%emt 0:00:04]} 37. Qg3 {[%emt 0:02:02]} Qc8 {[%emt 0:01:57]} 38. h3 {[%emt 0:05:43]} Qc3 {[%emt 0:02:20]} 39. Nb1 {[%emt 0:01:52]} Qa1 {[%emt 0:00:10]} 40. Nd2 {[%emt 0:00:59]} Qe1 {[%emt 0:02:58]} 41. Qg2 {[%emt 0:02:13]} Ng5 {[%emt 0:00:41]} 42. Re2 {[%emt 0:01:47]} Qd1 {[%emt 0:02:22]} 43. h4 {[%emt 0:04:20]} Nh3+ {[%emt 0:03:09]} 44. Qxh3 {[%emt 0:00:31]} Rxd2 {[%emt 0:00:04]} 45. Rxd2 {[%emt 0:00:28]} Qxd2 {[%emt 0:00:05]} 46. h5 {[%emt 0:00:55]} gxh5 {[%emt 0:00:49]} 47. Qxh5 {[%emt 0:00:14]} Qh6 {[%emt 0:00:16]} 48. Qxh6+ {[%emt 0:00:41]} Kxh6 {[%emt 0:00:04]} 49. Be2 {[%emt 0:00:05]} a4 {[%emt 0:00:11]} 50. Bd1 {[%emt 0:00:04]} a3 {[%emt 0:00:06]} 51. Bb3 {[%emt 0:00:06]} Kg6 {[%emt 0:00:13]} 52. Kf2 {[%emt 0:00:12]} Be8 {[%emt 0:00:38]} 0-1